| 000 | 00672cam a2200229 a 4500 | ||
|---|---|---|---|
| 001 | 12648459 | ||
| 005 | 20180312063352.0 | ||
| 008 | 020117s2003 maua 001 0 eng | ||
| 010 | _a 2002016637 | ||
| 020 | _a0072424583 (acidfree paper) | ||
| 020 | _a0071151486 (ISE : acidfree paper) | ||
| 040 |
_aDLC _cDLC _dDLC |
||
| 041 | _aeng | ||
| 080 | _a547 CAR | ||
| 082 | 0 | 0 |
_a547 CAR _221 |
| 100 | 1 | _a12 | |
| 101 | _aKIM | ||
| 245 | 1 | 0 |
_aOrganic chemistry / _cFrancis A. Carey. |
| 906 |
_a7 _bcbc _corignew _d1 _eocip _f20 _gy-gencatlg |
||
| 942 |
_2ddc _cBK |
||
| 999 |
_c44719 _d44719 |
||